Signs of the Zodiac - One Minute Sprint - Statistics

General Stats
  • This quiz has been taken 69 times
  • The average score is 10 of 12
Answer Stats
starts sign % Correct
Feburary 19 Pisces
94%
July 23 Leo
92%
May 21 Gemini
89%
September 23 Libra
89%
December 21 Capricorn
87%
June 21 Cancer
85%
January 20 Aquarius
83%
April 20 Taurus
83%
March 21 Aries
81%
November 21 Sagittarius
81%
October 23 Scorpio
79%
August 23 Virgo
79%
No matching quizzes found
Score Distribution
Percent of People with Each Score
Percentile by Number Answered
Your Score History
You have not taken this quiz